The nature of mysticism /

Bibliographic Details
Main Author: Knowles, David, 1896-1974
Format: Book
Language:English
Published: New York : Hawthorn Books, [1966]
Edition:[1st ed.].
Series:Twentieth century encyclopedia of Catholicism ; v. 38.
Twentieth century encyclopedia of Catholicism. Means of redemption.
Subjects:

MARC

Tag First Indicator Second Indicator Subfields
LEADER 00000cam a2200000 4500
001 in00000059840
005 20151008051023.0
008 731003s1966 nyu b 00010 eng
010 |a  66015244  
035 |a (OCoLC)00330793 
035 |9 AAG5069AM 
040 |a DLC  |c DLC  |d TXA  |d UtOrBLW 
049 |a TXAM  |c [473809] 
050 0 0 |a BV5082.2  |b .K6 
082 0 |a 248.22 
090 |a BV5082.2  |b .K6 1966 
092 |a 248.22  |b K73n 
100 1 |a Knowles, David,  |d 1896-1974. 
245 1 4 |a The nature of mysticism /  |c by M. D. Knowles. 
250 |a [1st ed.]. 
264 1 |a New York :  |b Hawthorn Books,  |c [1966] 
300 |a 140 pages ;  |c 21 cm. 
336 |a text  |b txt  |2 rdacontent 
337 |a unmediated  |b n  |2 rdamedia 
338 |a volume  |b nc  |2 rdacarrier 
490 1 |a Twentieth century encyclopedia of Catholicism ;  |v v. 38 
490 1 |a Twentieth century encyclopedia of Catholicism, v. 38. Section IV: The Means of redemption 
504 |a Bibliography: pages 136-140. 
650 0 |a Mysticism  |x Catholic Church. 
830 0 |a Twentieth century encyclopedia of Catholicism ;  |v v. 38. 
830 0 |a Twentieth century encyclopedia of Catholicism.  |n Section 4,  |p Means of redemption. 
949 |a updated  |b h  |c 2003/6/16  |e fpiscitelli  |f 12:17:48 pm 
999 |a MARS 
999 f f |s 4f0cd7ee-5ea0-3921-a283-a52ec556f4b0  |i 2a199768-f2b1-3325-bc94-e3548e609415  |t 0 
952 f f |p ric  |a Texas A&M University  |b Rellis Campus  |c Joint Library Facility  |d Remote Storage  |t 0  |e BV5082.2 .K6 1966  |h Library of Congress classification  |i unmediated -- volume  |m A14800611612 
998 f f |a BV5082.2 .K6 1966  |t 0  |l Remote Storage